000 00139 a2200073 4500
020 _a9781920376789
082 _aAF VANN
245 _aGEDORIEWAAR
999 _c783526
_d783525
942 _w13408
_xAmbros Sikutu
_y13408
_zAmbros Sikutu